[Event "ECU-chT U20"]
[Site "Carpuela"]
[Date "2014.05.05"]
[Round "6.4"]
[White "Rojas Solano, Franklin Alexand"]
[Black "Morocho Guevara, Edgar Fabian"]
[Result "1-0"]
[WhiteElo "1472"]
[BlackElo "1272"]
[PlyCount "49"]
[EventDate "2014.05.03"]
[EventType "team-swiss"]
[EventRounds "7"]
[EventCountry "ECU"]
[SourceTitle "CBM 160 Extra"]
[Source "ChessBase"]
[SourceDate "2014.07.01"]
[SourceVersion "1"]
[SourceVersionDate "2014.07.01"]
[SourceQuality "1"]
[WhiteTeam "Sucumbios"]
[BlackTeam "Napo"]
[WhiteTeamCountry "ECU"]
[BlackTeamCountry "ECU"]

1. d4 Nf6 2. c4 g6 3. Nc3 Bg7 4. e4 d6 5. f4 0-0 6. Nf3 Bg4 7. Be2 c5 8. d5 Nbd7 9. 0-0 Nh5 10. h3 Bxf3 11. Rxf3 Bd4+ 12. Kh2 Ng7 13. Be3 Bxe3 14. Rxe3 e5 15. g3 Qe7 16. Qg1 Rae8 17. Bd3 f5 18. Rae1 Qf6 19. exf5 Nxf5 20. Bxf5 Qxf5 21. Nb5 Rf6 22. R1e2 Nb6 23. Nc7 Re7 24. Ne6 Nxc4 25. g4 1-0

[Event "ECU-chT U20"]
[Site "Carpuela"]
[Date "2014.05.04"]
[Round "4.4"]
[White "Solano Pallo, Jorge Jesael"]
[Black "Rojas Solano, Franklin Alexand"]
[Result "0-1"]
[WhiteElo "1701"]
[BlackElo "1472"]
[PlyCount "56"]
[EventDate "2014.05.03"]
[EventType "team-swiss"]
[EventRounds "7"]
[EventCountry "ECU"]
[SourceTitle "CBM 160 Extra"]
[Source "ChessBase"]
[SourceDate "2014.07.01"]
[SourceVersion "1"]
[SourceVersionDate "2014.07.01"]
[SourceQuality "1"]
[WhiteTeam "Manabi"]
[BlackTeam "Sucumbios"]
[WhiteTeamCountry "ECU"]
[BlackTeamCountry "ECU"]

1. e4 c5 2. Nf3 Nc6 3. d4 cxd4 4. Nxd4 g6 5. Be3 Nf6 6. Nc3 Bg7 7. Be2 0-0 8. h4 d5 9. exd5 Nxd5 10. Nxd5 Qxd5 11. Bf3 Qa5+ 12. c3 Nxd4 13. Bxd4 Rd8 14. 0-0 e5 15. b4 Qc7 16. Qb3 exd4 17. cxd4 Be6 18. Qa3 Rxd4 19. Rac1 Qd6 20. Bxb7 Rd8 21. Bf3 Rxh4 22. g3 Rxb4 23. Qxa7 Bd4 24. Qa5 Rb2 25. Rc6 Qxg3+ 26. Bg2 Bxf2+ 27. Kh1 Qh4+ 28. Bh3 Qxh3# 0-1

[Event "ECU-chT U20"]
[Site "Carpuela"]
[Date "2014.05.03"]
[Round "1.4"]
[White "Parrales Merino, Carlos Alejan"]
[Black "Rojas Solano, Franklin Alexand"]
[Result "0-1"]
[WhiteElo "1703"]
[BlackElo "1472"]
[PlyCount "126"]
[EventDate "2014.05.03"]
[EventType "team-swiss"]
[EventRounds "7"]
[EventCountry "ECU"]
[SourceTitle "CBM 160 Extra"]
[Source "ChessBase"]
[SourceDate "2014.07.01"]
[SourceVersion "1"]
[SourceVersionDate "2014.07.01"]
[SourceQuality "1"]
[WhiteTeam "Santa Elena"]
[BlackTeam "Sucumbios"]
[WhiteTeamCountry "ECU"]
[BlackTeamCountry "ECU"]

1. d4 d5 2. Nf3 e6 3. c4 Nf6 4. Nc3 c6 5. e3 Be7 6. Qc2 0-0 7. h3 Nbd7 8. a3 b6 9. Be2 Bb7 10. 0-0 Rc8 11. Qd1 c5 12. cxd5 Nxd5 13. Nxd5 Bxd5 14. dxc5 Nxc5 15. b4 Bf6 16. Nd4 Nb3 17. Rb1 Nxd4 18. exd4 Be4 19. Rb2 Qd5 20. Bf3 Bxf3 21. Qxf3 Qxf3 22. gxf3 Bxd4 23. Rd2 Rfd8 24. Rfd1 Bf6 25. Bb2 Rxd2 26. Rxd2 Bxb2 27. Rxb2 Rc3 28. a4 Ra3 29. a5 bxa5 30. bxa5 g6 31. Kg2 Rxa5 32. f4 Ra1 33. Kf3 a5 34. Rb7 a4 35. Kg4 a3 36. Ra7 a2 37. Kf3 Kg7 38. Ra5 h5 39. h4 Kf6 40. Ra6 Rh1 41. Rxa2 Rxh4 42. Kg3 Rg4+ 43. Kf3 e5 44. fxe5+ Kxe5 45. Ra5+ Kf6 46. Ra6+ Kg5 47. Ra5+ f5 48. Ra6 h4 49. Ra1 h3 50. Rh1 Rh4 51. Kg3 h2 52. Rxh2 Rxh2 53. Kxh2 Kf4 54. Kg2 g5 55. Kg1 Kf3 56. Kf1 f4 57. Kg1 Ke2 58. Kg2 f3+ 59. Kg3 g4 60. Kxg4 Kxf2 61. Kf4 Ke2 62. Kg3 f2 63. Kh2 f1Q 0-1